000 00529nam a2200217Ia 4500
003 OSt
005 20220926044843.0
006 a|||||r|||| 00| 0
007 ta
008 220923b |||||||| |||| 00| 0 eng d
037 _cGeneral Book
040 _aRTL
_cRTL
_beng
041 _2eng
_aeng
082 _aV2.N4, H5
100 _aHartog Mabel
_9349466
245 0 _aIndia in outline
260 _c1945
650 _aIndian Histroy
942 _hV2.N4, H5
_cGB
_2CC
999 _c675980
_d675980